Komunikácia cez vášne

Šport ako marketingový fenomén posledných rokov predstavuje až 94 percent celosvetových sponzoringových projektov. Sponzoring ako doplnok reklamy. Čiastkové ciele zadávateľov. Faktory analýzy hodnoty športovej značky. Očakávania v oblasti sponzoringu pre najbližšie roky.

Guardado en:
Detalles Bibliográficos
Autor principal: Ivantyšyn, Roman
Formato: Capítulo de libro
Lenguaje:eslovaco
Materias:
Etiquetas: Agregar Etiqueta
Sin Etiquetas, Sea el primero en etiquetar este registro!

MARC

LEADER 00000naa$a2200000$$$4500
001 0012439
005 20231004064657.9
041 0 |a slo 
044 |a SK 
245 1 0 |a Komunikácia cez vášne  |c aut. Roman Ivantyšyn 
520 |a Šport ako marketingový fenomén posledných rokov predstavuje až 94 percent celosvetových sponzoringových projektov. Sponzoring ako doplnok reklamy. Čiastkové ciele zadávateľov. Faktory analýzy hodnoty športovej značky. Očakávania v oblasti sponzoringu pre najbližšie roky. 
610 2 0 |a šport 
610 2 0 |a sponzorovanie 
610 2 0 |a značky výrobné 
610 2 0 |a značky kvality 
610 2 0 |a marketing 
100 1 |a Ivantyšyn, Roman